| 000 | 00810nam a2200241 i 4500 | ||
|---|---|---|---|
| 001 | bg | ||
| 100 | 1 | _aKRZYŻKIEWICZ, Zbigniew | |
| 245 | 1 | 0 |
_aOperacje bankowe : _brozliczenia krajowe i zagraniczne / _cZbigniew Krzyżkiewicz. |
| 260 |
_aWarszawa : _b"Poltext", _c2001. |
||
| 300 |
_a191 s. ; _c24 cm. |
||
| 490 | 1 | _aStudia Finansowo-Bankowe / Szkoła Główna Handlowa | |
| 500 | _aW metryce r. wyd.: 2000. | ||
| 650 | 9 |
_aObrót pieniężny _zPolska _yod 1989 r. |
|
| 830 | 0 | _aStudia Finansowo-Bankowe (Szkoła Główna Handlowa) | |
| 020 | _a8386890924 | ||
| 040 | _cBPK | ||
| 041 | 0 | _apl | |
| 080 | _a336.71(438)"1989/..." | ||
| 920 | _a83-86890-92-4 | ||
| 942 | _cKS | ||
| 008 | s pl f |000 0 pol | ||
| 999 |
_c41750 _d41750 |
||
| 856 |
_uhttp://koha.tu.koszalin.pl/cgi-bin/koha/opac-detail.pl?biblionumber=41750 _yKatalog online BPK |
||